书目信息 |
| 题名: |
荒木飞吕彦的漫画术
|
|
| 作者: | 荒木飞吕彦, 著 ;曹逸冰 译 | |
| 分册: | ||
| 出版信息: | 北京 新星出版社 2018.05 |
|
| 页数: | 236页 | |
| 开本: | 21cm | |
| 丛书名: | 新经典文库 | |
| 单 册: | ||
| 中图分类: | I313.65 | |
| 科图分类: | ||
| 主题词: | 随笔--sui bi--作品集--日本--现代 | |
| 电子资源: | ||
| ISBN: | 978-7-5133-3002-2 | |
| 000 | 01071nam 2200277 450 | |
| 001 | 202019135044 | |
| 005 | 20191007123107.0 | |
| 010 | @a978-7-5133-3002-2@b精装@dCNY58.00 | |
| 100 | @a20191002d2018 em y0chiy50 ea | |
| 101 | 1 | @achi@cjpn |
| 102 | @aCN@b110000 | |
| 105 | @aa z 000cy | |
| 106 | @ar | |
| 200 | 1 | @a荒木飞吕彦的漫画术@Ahuang mu fei lv yan de man hua shu@f(日) 荒木飞吕彦著@g曹逸冰译 |
| 210 | @a北京@c新星出版社@d2018.05 | |
| 215 | @a236页@c图@d21cm | |
| 225 | 2 | @a新经典文库@Axin jing dian wen ku@v1286 |
| 314 | @a荒木飞吕彦, 日本漫画家。1960年生于仙台, 1980年以《武装扑克》出道, 作品充满奇妙、冒险的气氛。 | |
| 330 | @a本书是日本知名画家荒木飞吕彦的随笔集, 全书共七章, 讲解了创意的诞生, 帮助读者规避认知盲区, 有效提升格局与思维方式, 堪称大师级的创意思维课。 | |
| 410 | 0 | @12001 @a新经典文库@v1286 |
| 606 | 0 | @a随笔@Asui bi@x作品集@y日本@z现代 |
| 690 | @aI313.65@v5 | |
| 701 | 0 | @a荒木飞吕彦,@Ahuang mu fei lv yan@f1960-@4著 |
| 702 | 0 | @a曹逸冰@Acao yi bing@4译 |
| 801 | 0 | @aCN@c20190905 |
| 905 | @a河南城建学院图书馆@dI313.65@eH796 | |
| 荒木飞吕彦的漫画术/(日) 荒木飞吕彦著/曹逸冰译.-北京:新星出版社,2018.05 |
| 236页:图;21cm.-(新经典文库;1286) |
| ISBN 978-7-5133-3002-2(精装):CNY58.00 |
| 本书是日本知名画家荒木飞吕彦的随笔集, 全书共七章, 讲解了创意的诞生, 帮助读者规避认知盲区, 有效提升格局与思维方式, 堪称大师级的创意思维课。 |
| ● |
| 相关链接 |
|
|
|
正题名:荒木飞吕彦的漫画术
索取号:I313.65/H796
 
预约/预借
| 序号 | 登录号 | 条形码 | 馆藏地/架位号 | 状态 | 备注 |
| 1 | 1443450 | 214434502 | 文学库116/116文学库 16排1列3层/ [索取号:I313.65/H796] | 在馆 | |
| 2 | 1443451 | 214434511 | 文学库116/116文学库 15排3列5层/ [索取号:I313.65/H796] | 在馆 | |
| 3 | 1443452 | 214434520 | 文学库116/116文学库 15排3列5层/ [索取号:I313.65/H796] | 在馆 |